Statistics for Biggest Employers in Germany

Click here to take the quiz!

General Stats

  • This quiz has been taken 16 times
  • The average score is 3 of 7

Answer Stats

Number of employeesCompany% Correct
280.000Volkswagen AG
100%
170.000Daimler
62%
175.000Deutsche Post
54%
205.000Deutsche Bahn
38%
350.000Edeka
15%
260.000REWE Group
15%
156.000Schwarz-Gruppe
15%

Score Distribution

Percentile by Number Answered

Percent of People with Each Score

Your Score History

You have not taken this quiz